00499nam a2200205 a 4500001001300000003000900013005001700022008004100039020001000080082001300090100003000103245002100133260003300154300000900187500003500196505001000231650001300241700002200254700001700276nice12345678IN_TiNIC20260116011602.0050524s1928 edia grp 000 0 eng  ac10000a230bSCH aSchleiermacher, Friedrich aChristian Faith. aEdinburghbT & T Clarkc1928 a760p aincludes index and biblioraphy2 aIndex aTheology1 aMacklindtosh, H R1 aStewart, J S